| 000 | 02168nam a2200553 c 4500 | ||
|---|---|---|---|
| 001 | 1936303752 | ||
| 003 | DE-627 | ||
| 005 | 20250930104518.0 | ||
| 007 | cr uuu---uuuuu | ||
| 008 | 250919s2024 xx |||||o 00| ||ger c | ||
| 020 |
_a9783753925585 _cEPUB |
||
| 024 | 7 |
_aurn:nbn:de:gbv:18-epflicht-256062 _2urn |
|
| 035 | _a(DE-627)1936303752 | ||
| 035 | _a(DE-599)KEP118724371 | ||
| 035 | _a(EPFHH)42e642c5-91e0-43a5-b24d-3e704a99aaaf | ||
| 035 | _a(EPFHH-ALTRAVERSE)1045130356_9783753925585 | ||
| 035 | _a(DE-627-1)118724371 | ||
| 040 |
_aDE-627 _bger _cDE-627 _erda |
||
| 041 |
_ager _hjpn |
||
| 072 | 7 |
_a9182 _2wsb |
|
| 082 | 0 | 4 |
_a741.5 _qDE-576 |
| 245 | 0 | 4 |
_aEin Zeichen der Zuneigung 10 _csuu Morishita, Diana Hesse |
| 264 | 1 |
_aHamburg _bAltraverse _c2024 |
|
| 300 | _a1 Online-Ressource (160 S.) | ||
| 336 |
_aText _btxt _2rdacontent |
||
| 337 |
_aComputermedien _bc _2rdamedia |
||
| 338 |
_aOnline-Ressource _bcr _2rdacarrier |
||
| 490 | 0 |
_aEin Zeichen der Zuneigung _v10 |
|
| 520 | _aItsuomi und Yuki sind trotz Yukis Hörminderung zusammengezogen. Nun kann sich Itsuomi jeden Tag fürsorglich um sie kümmern, was Yuki immer stärker Schmetterlinge im Bauch beschert. Eines Tages wird ihr gemeinsamer Alltag jedoch gehörig auf den Kopf gestellt: Ein verletzter Mann liegt vor ihrer Wohnungstür! Er ist für Itsuomi kein Unbekannter … | ||
| 583 | 1 |
_aArchivierung/Langzeitarchivierung gewährleistet _fPEHH _kDE-576 _2pdager _5DE-18 |
|
| 650 | 4 | _aGebärdensprache | |
| 650 | 4 | _aShojo | |
| 650 | 4 | _aUniversität | |
| 650 | 4 | _aRomance | |
| 650 | 4 | _aSprache | |
| 650 | 4 | _aFremde Länder | |
| 650 | 4 | _aManga | |
| 650 | 4 | _aReisen | |
| 650 | 4 | _aFremdsprachen | |
| 700 | 1 |
_aMorishita, suu _eVerfasserIn _4aut |
|
| 700 | 1 |
_aHesse, Diana _eÜbersetzerIn _4trl |
|
| 776 | 1 | _z9783753925578 | |
| 776 | 1 | _z9783753925585 | |
| 776 | 0 | 8 |
_iErscheint auch als _nDruck-Ausgabe _z9783753925578 |
| 776 | 0 | 8 |
_iErscheint auch als _nDruck-Ausgabe _z9783753925585 |
| 856 | 4 | 0 |
_uhttps://nbn-resolving.org/urn:nbn:de:gbv:18-epflicht-256062 _mX:EPF _qapplication/epub+zip _zlizenzpflichtig |
| 942 |
_2ddc _cMGA _n0 |
||
| 951 | _aBO | ||
| 999 |
_c1344 _d1344 |
||